別怕荷爾蒙 妳抗衰防病的關鍵 : (Record no. 7682)
[ view plain ]
| 000 -LEADER | |
|---|---|
| fixed length control field | 01023cam a2200301 ib4500 |
| 001 - CONTROL NUMBER | |
| control field | 005719992 |
| 003 - CONTROL NUMBER IDENTIFIER | |
| control field | YEEZEN |
| 005 - DATE AND TIME OF LATEST TRANSACTION | |
| control field | 20260109151323.0 |
| 008 - FIXED-LENGTH DATA ELEMENTS--GENERAL INFORMATION | |
| fixed length control field | 250923s2025 ch ak g b 000 0 chi d |
| 020 ## - INTERNATIONAL STANDARD BOOK NUMBER | |
| International Standard Book Number | 9786263961081 |
| Qualifying information | (平裝) : |
| Terms of availability | 新臺幣420元 |
| 040 ## - CATALOGING SOURCE | |
| Original cataloging agency | NTL |
| Language of cataloging | chi |
| Transcribing agency | NTL |
| Description conventions | ccr |
| 042 ## - AUTHENTICATION CODE | |
| Authentication code | nbic |
| 084 ## - OTHER CLASSIFICATION NUMBER | |
| Classification number | 417.1 |
| Number source | ncsclt |
| 090 ## - LOCALLY ASSIGNED LC-TYPE CALL NUMBER (OCLC); LOCAL CALL NUMBER (RLIN) | |
| Classification number (OCLC) (R) ; Classification number, CALL (RLIN) (NR) | 417.1 |
| 100 1# - MAIN ENTRY--PERSONAL NAME | |
| Personal name | 吳佳鴻 |
| 245 10 - TITLE STATEMENT | |
| Title | 別怕荷爾蒙 妳抗衰防病的關鍵 : |
| Remainder of title | 全面解析更年期症狀 心血管健康 失智症 骨質疏鬆 心理健康 乳癌迷思 / |
| Statement of responsibility, etc. | 吳佳鴻著 |
| 246 30 - VARYING FORM OF TITLE | |
| Title proper/short title | 全面解析更年期症狀 心血管健康 失智症 骨質疏鬆 心理健康 乳癌迷思 |
| 250 ## - EDITION STATEMENT | |
| Edition statement | 初版 |
| 260 ## - PUBLICATION, DISTRIBUTION, ETC. | |
| Place of publication, distribution, etc. | 臺北市 : |
| Name of publisher, distributor, etc. | 時報文化, |
| Date of publication, distribution, etc. | 2025.02 |
| 300 ## - PHYSICAL DESCRIPTION | |
| Extent | 343面 : |
| Other physical details | 圖, 表 ; |
| Dimensions | 21公分 |
| 490 1# - SERIES STATEMENT | |
| Series statement | Care(時報) ; |
| Volume/sequential designation | VH00087. |
| 504 ## - BIBLIOGRAPHY, ETC. NOTE | |
| Bibliography, etc. note | 參考書目 : 面322-343. |
| 650 #7 - SUBJECT ADDED ENTRY--TOPICAL TERM | |
| Topical term or geographic name entry element | 激素 |
| Source of heading or term | lcstt. |
| 650 #7 - SUBJECT ADDED ENTRY--TOPICAL TERM | |
| Topical term or geographic name entry element | 婦女健康 |
| Source of heading or term | lcstt. |
| 650 #7 - SUBJECT ADDED ENTRY--TOPICAL TERM | |
| Topical term or geographic name entry element | 保健常識 |
| Source of heading or term | lcstt. |
| 830 #0 - SERIES ADDED ENTRY--UNIFORM TITLE | |
| Uniform title | Care(時報) |
| Volume/sequential designation | VH00087. |
| 942 ## - ADDED ENTRY ELEMENTS (KOHA) | |
| Source of classification or shelving scheme | 中文圖書分類法 |
| Koha item type | 一般圖書 |
| 撤銷狀態 | 遺失狀態 | 分類號來源 | 損壞狀態 | 不外借 | 永久館藏地 | 現在館藏地 | 書架位置 | 採購日期 | 全部借出 | 全部續借 | 完整索書號 | 條碼號 | 還書日 | 最後一次日期記錄 | Date last checked out | 一般價格有效日期 | Koha館藏類型 | 公開資訊 |
|---|---|---|---|---|---|---|---|---|---|---|---|---|---|---|---|---|---|---|
| 未註銷館藏 | 未遺失 | 中文圖書分類法 | 未損毀 | 可外借 | 怡仁綜合醫院圖書館 | 怡仁綜合醫院圖書館 | 2026-01-09 | 4 | 2 | 417.1 | C03268 | 2026-05-06 | 2026-04-08 | 2026-04-08 | 2026-01-09 | 一般圖書 | 釐清荷爾蒙的真相,重塑妳的健康觀 \改善症狀/\預防疾病/\提升生活品質/ 別讓錯誤觀念與不必要的恐懼,阻礙了妳追求健康的權利! |